header

Signal processing in digital communications (Record no. 132060)

MARC details
000 -LEADER
fixed length control field 01324nam a2200349 a 4500
082 04 - DEWEY DECIMAL CLASSIFICATION NUMBER
Classification number 621.382/2
100 1# - MAIN ENTRY--AUTHOR NAME
Personal name Miao, George J.
245 10 - TITLE STATEMENT
Title Signal processing in digital communications
260 ## - PUBLICATION, DISTRIBUTION, ETC. (IMPRINT)
Place of publication Boston, MA :
Name of publisher Artech House,
Year of publication c2007.
300 ## - PHYSICAL DESCRIPTION
Number of Pages xviii, 515 p. :
Other physical details ill.
490 1# - SERIES STATEMENT
Series statement Artech House signal processing library
650 #0 - SUBJECT ADDED ENTRY--TOPICAL TERM
Topical Term Signal processing.
Topical Term Digital communications.
Topical Term Digital filters (Mathematics)
856 40 - ELECTRONIC LOCATION AND ACCESS
Uniform Resource Identifier http://site.ebrary.com/lib/rucke/Doc?id=10221937

No items available.

© 2026 Rongo University
Contact us: librarian | system librarian | Rongo university